000 00918nam a22001817a 4500
008 120809t xxu||||| |||| 00| 0 eng d
020 _a9780073294735
050 _aTS155.J27
100 _aJacobs, F. Robert.
245 _aOperations and supply management: the core. /
_cF. Robert Jacobs and Richard B. Chase
260 _aBoston:
_bMcGraw- Hill,
_c2008.
300 _axiii,415p.:
_bill.;
_c26cm.
500 _aIncludes index.
505 _aContents: Strategy: Operations and supply strategy -- Project management -- Processes: Strategic capacity management -- Manufacturing processes -- Service processes -- Six- sigma quality -- Supply chains: Strategic sourcing -- Logistics -- Lean manufacturing -- Inventory: Demand management and forecasting -- Aggregate sales and operations planning -- Material requirements planning.
650 _aOperations Management.
700 _aChase, Richard B.
942 _2lcc
_cBK
999 _c1966
_d9466